[Event "Candidates Tournament (Women)"]
[Site "Toronto"]
[Date "2024.04.14"]
[Round "9"]
[White "Koneru, Humpy"]
[Black "Lagno, Kateryna"]
[Result "1/2-1/2"]
[WhiteElo "2546"]
[BlackElo "2542"]
[PlyCount "114"]
[EventDate "2024.04.04"]
[EventType "tourn"]
[EventRounds "14"]
[EventCountry "CAN"]
[EventCategory "11"]
[SourceTitle "CB17_2024"]
[SourceDate "2024.04.24"]
[SourceVersion "1"]
[SourceVersionDate "2024.04.24"]
[SourceQuality "1"]

1. d4 Nf6 2. c4 e6 3. Nf3 d5 4. Nc3 Bb4 5. a3 Bxc3+ 6. bxc3 c5 7. a4 Ne4 8. e3 Nxc3 9. Qc2 Ne4 10. cxd5 exd5 11. Bb5+ Nc6 12. dxc5 0-0 13. 0-0 Nb4 14. Qb1 a6 15. Qxb4 axb5 16. Qxb5 Ra5 17. Qb4 Rxc5 18. Ba3 Re8 19. Rfc1 b6 20. Qd4 Ra5 21. Bb4 Ra6 22. Ne5 Bb7 23. f3 Ng5 24. Qf4 f6 25. Nc6 Bxc6 26. Rxc6 Qa8 27. Rac1 Rxa4 28. Qf5 Ra1 29. Qxd5+ Nf7 30. Qb3 Qxc6 31. Rxa1 Rc8 32. Rd1 b5 33. Rd4 Qc1+ 34. Kf2 h5 35. Rd2 Rc4 36. Rd1 Rc2+ 37. Ke1 Qb2 38. Qxb2 Rxb2 39. Bd2 Ne5 40. Bc3 Rxg2 41. Rd8+ Kf7 42. Bxe5 fxe5 43. Rd5 b4 44. Rb5 Rxh2 45. Rxb4 Kf6 46. Kf1 g5 47. Rb8 g4 48. fxg4 hxg4 49. Rf8+ Ke6 50. e4 Rh6 51. Rg8 Rf6+ 52. Ke2 Rf4 53. Ke3 Kf6 54. Kd3 Kf7 55. Rg5 Ke6 56. Rg6+ Ke7 57. Ke3 Kd7 1/2-1/2

[Event "Candidates Tournament (Women)"]
[Site "Toronto"]
[Date "2024.04.13"]
[Round "8"]
[White "Koneru, Humpy"]
[Black "Vaishali, Ramesh Babu"]
[Result "1-0"]
[WhiteElo "2546"]
[BlackElo "2475"]
[PlyCount "125"]
[EventDate "2024.04.04"]
[EventType "tourn"]
[EventRounds "14"]
[EventCountry "CAN"]
[EventCategory "11"]
[SourceTitle "CB17_2024"]
[SourceDate "2024.04.24"]
[SourceVersion "1"]
[SourceVersionDate "2024.04.24"]
[SourceQuality "1"]

1. d4 Nf6 2. c4 g6 3. Nc3 d5 4. Qb3 dxc4 5. Qxc4 Bg7 6. e4 0-0 7. Bf4 c6 8. Nf3 Bg4 9. Be2 Nfd7 10. Rd1 Na6 11. 0-0 Bxf3 12. Bxf3 e5 13. dxe5 Qe8 14. e6 Nb6 15. Qb3 Nc5 16. Qc2 Nxe6 17. Bd6 Nd4 18. Qd3 Nd7 19. Qe3 c5 20. Be2 Qe6 21. Bxf8 Rxf8 22. b3 a6 23. Bc4 Qe7 24. Ne2 b5 25. Bd3 Nb6 26. b4 Na4 27. bxc5 Qxc5 28. Rc1 Nxe2+ 29. Bxe2 Qxe3 30. fxe3 Nc3 31. Rc2 Be5 32. Rd2 Rc8 33. Bd1 Rc7 34. Rd8+ Kg7 35. Re8 Bd6 36. Bb3 Bc5 37. Rf3 a5 38. Kf1 a4 39. Bd5 b4 40. Ra8 Bd6 41. Ra6 Be5 42. g4 Bxh2 43. Raf6 Nxd5 44. exd5 Rb7 45. Kg2 Be5 46. Ra6 b3 47. axb3 axb3 48. Rf1 b2 49. Rb1 Kf8 50. Kf3 Ke7 51. g5 Rb4 52. Ra7+ Ke8 53. e4 Kf8 54. Ra3 Kg7 55. Rd3 Rc4 56. d6 Rc8 57. Rd5 Bc3 58. e5 Kf8 59. Ke4 Ra8 60. Kd3 Ra3 61. Kc2 Ke8 62. Rd3 Bb4 63. Rxb2 1-0

[Event "Wch Blitz (Women)"]
[Site "Samarkand"]
[Date "2023.12.30"]
[Round "14"]
[White "Gunina, Valentina"]
[Black "Koneru, Humpy"]
[Result "1/2-1/2"]
[WhiteElo "2437"]
[BlackElo "2554"]
[PlyCount "228"]
[EventDate "2023.12.29"]
[EventType "swiss (blitz)"]
[EventRounds "17"]
[EventCountry "UZB"]
[SourceTitle "CB01_2024"]
[SourceDate "2024.01.03"]
[SourceVersion "1"]
[SourceVersionDate "2024.01.03"]
[SourceQuality "1"]

1. d4 e6 2. c4 f5 3. Nf3 Nf6 4. g3 Be7 5. Bg2 d5 6. 0-0 Ne4 7. b3 Nc6 8. Bb2 h5 9. h4 g5 10. hxg5 Bxg5 11. Nxg5 Qxg5 12. Qc1 Qg7 13. Qf4 h4 14. gxh4 Bd7 15. f3 Rg8 16. Qh2 Ng3 17. Re1 Nxd4 18. Kf2 e5 19. Nc3 Nc2 20. Nxd5 0-0-0 21. f4 Nxe1 22. Bxe5 Qf7 23. Rxe1 Bc6 24. Qh3 Bxd5 25. Bxd5 Rxd5 26. cxd5 Ne4+ 27. Kf3 Rg3+ 28. Qxg3 Nxg3 29. Kxg3 Qxd5 30. h5 Qg8+ 31. Kf2 Qh7 32. Rh1 Qh6 33. e3 a5 34. a4 b6 35. Rh2 c5 36. Rh1 Kb7 37. Ke2 Kc6 38. Kf2 b5 39. axb5+ Kxb5 40. Bc3 a4 41. bxa4+ Kxa4 42. Be5 Kb3 43. Ke2 Kc2 44. Rh2 c4 45. Kf3+ Kd3 46. Ra2 Qxh5+ 47. Kg2 Qg4+ 48. Kf2 Qh4+ 49. Kg2 Kxe3 50. Ra3+ Ke4 51. Rc3 Kd5 52. Ra3 Qe1 53. Rc3 Qe2+ 54. Kg3 Kc5 55. Rf3 Kb4 56. Bd6+ Kb5 57. Be5 Qe1+ 58. Kg2 Kc5 59. Bc3 Qe2+ 60. Kg3 Kd5 61. Be5 Qc2 62. Rc3 Qd1 63. Rf3 Kc6 64. Rc3 Kb5 65. Rf3 Kb4 66. Bc3+ Ka4 67. Be5 Qe1+ 68. Kg2 Kb4 69. Rg3 Qe2+ 70. Kh3 Kc5 71. Kh4 Kd5 72. Kg5 Ke4 73. Rc3 Qg4+ 74. Kf6 Qe2 75. Ke6 Qa2 76. Kf6 Qa6+ 77. Kg5 Qb5 78. Rc1 Kd3 79. Kxf5 Kd2 80. Rc3 Qb1+ 81. Ke6 Qb6+ 82. Kd5 Qb5+ 83. Kd4 Ke2 84. Rxc4 Kf3 85. Rc3+ Kg4 86. Ke4 Qb4+ 87. Kd5 Qb5+ 88. Ke6 Qe8+ 89. Kd6 Qd8+ 90. Kc6 Qc8+ 91. Kd5 Qb7+ 92. Kd4 Qb6+ 93. Kd3 Qb5+ 94. Ke4 Qb4+ 95. Ke3 Qb6+ 96. Bd4 Qe6+ 97. Be5 Qb6+ 98. Kd2 Qb2+ 99. Kd3 Qb5+ 100. Rc4 Qb3+ 101. Kd4 Qb6+ 102. Kc3 Qe3+ 103. Kc2 Qe2+ 104. Kb3 Qd3+ 105. Kb4 Qd2+ 106. Kb5 Qd5+ 107. Kb4 Qd2+ 108. Bc3 Qd6+ 109. Kb3 Qb6+ 110. Rb4 Qe6+ 111. Kb2 Qe2+ 112. Ka3 Qa6+ 113. Ra4 Qxa4+ 114. Kxa4 Kxf4 1/2-1/2

[Event "Wch Blitz (Women)"]
[Site "Samarkand"]
[Date "2023.12.30"]
[Round "17"]
[White "Koneru, Humpy"]
[Black "Lagno, Kateryna"]
[Result "0-1"]
[WhiteElo "2554"]
[BlackElo "2542"]
[PlyCount "66"]
[EventDate "2023.12.29"]
[EventType "swiss (blitz)"]
[EventRounds "17"]
[EventCountry "UZB"]
[SourceTitle "CB01_2024"]
[SourceDate "2024.01.03"]
[SourceVersion "1"]
[SourceVersionDate "2024.01.03"]
[SourceQuality "1"]

1. d4 Nf6 2. c4 e6 3. Nf3 d5 4. Nc3 Nbd7 5. Qc2 c5 6. cxd5 Nxd5 7. Nxd5 exd5 8. e3 Bd6 9. dxc5 Nxc5 10. Bb5+ Bd7 11. Bxd7+ Qxd7 12. 0-0 0-0 13. b3 Rac8 14. Qe2 a5 15. Bb2 a4 16. bxa4 Nxa4 17. Bd4 Rc4 18. Nd2 Rc2 19. Qd3 Rfc8 20. Nf3 h6 21. g3 Qg4 22. Kg2 Qe4 23. Rfd1 Bf8 24. Qxe4 dxe4 25. Nd2 f5 26. Rab1 Rxa2 27. Rxb7 Rcc2 28. Ra7 g5 29. g4 Bb4 30. Rg7+ Kf8 31. Rb1 Bd6 32. Rbb7 Rxd2 33. Rgf7+ Ke8 0-1

[Event "Wch Rapid (Women) playoff"]
[Site "Samarkand"]
[Date "2023.12.29"]
[Round "4"]
[White "Koneru, Humpy"]
[Black "Bodnaruk, Anastasia"]
[Result "0-1"]
[WhiteElo "2554"]
[BlackElo "2340"]
[PlyCount "78"]
[EventDate "2023.12.28"]
[EventType "match (blitz)"]
[EventRounds "4"]
[EventCountry "UZB"]
[SourceTitle "CB01_2024"]
[SourceDate "2024.01.03"]
[SourceVersion "1"]
[SourceVersionDate "2024.01.03"]
[SourceQuality "1"]

1. Nf3 Nf6 2. c4 g6 3. b3 Bg7 4. Bb2 0-0 5. e3 d5 6. cxd5 Nxd5 7. Bxg7 Kxg7 8. d4 c5 9. Bc4 cxd4 10. Qxd4+ Nf6 11. 0-0 Nc6 12. Qb2 Bg4 13. Ne5 Nxe5 14. Qxe5 Rc8 15. h3 Bf5 16. Nc3 a6 17. e4 Bd7 18. a4 Qc7 19. Qxc7 Rxc7 20. e5 Nh5 21. Nd5 Rc5 22. g4 e6 23. Nb6 Bc6 24. gxh5 Rxe5 25. f4 Re3 26. hxg6 hxg6 27. Kf2 Rxh3 28. Ke2 Rfh8 29. Rf2 Rc3 30. Rd1 Rhh3 31. Rd3 Rc2+ 32. Rd2 Rc1 33. a5 Rhh1 34. Kd3 Rh3+ 35. Kd4 Re1 36. Kc5 Rc1 37. Kd6 Be4 38. Kc7 Rxb3 39. Rd4 Bd5 0-1

[Event "Wch Blitz (Women)"]
[Site "Samarkand"]
[Date "2023.12.29"]
[Round "5"]
[White "Koneru, Humpy"]
[Black "Guichard, Pauline"]
[Result "1-0"]
[WhiteElo "2554"]
[BlackElo "2386"]
[PlyCount "186"]
[EventDate "2023.12.29"]
[EventType "swiss (blitz)"]
[EventRounds "17"]
[EventCountry "UZB"]
[SourceTitle "CB01_2024"]
[SourceDate "2024.01.03"]
[SourceVersion "1"]
[SourceVersionDate "2024.01.03"]
[SourceQuality "1"]

1. d4 Nf6 2. Nf3 d5 3. e3 c5 4. dxc5 e6 5. a3 Bxc5 6. Nbd2 0-0 7. c4 b6 8. Bd3 Bb7 9. 0-0 Nbd7 10. b3 Rc8 11. Bb2 Qe7 12. cxd5 exd5 13. Bf5 Rfd8 14. Qe2 Bd6 15. Rfd1 g6 16. Bxd7 Rxd7 17. Nd4 a6 18. b4 Rdc7 19. h3 Ne4 20. N2f3 Nc3 21. Bxc3 Rxc3 22. Qb2 Qc7 23. Qd2 Qc4 24. Rab1 Rxa3 25. Ne2 Ra2 26. Rb2 Rxb2 27. Qxb2 Qc2 28. Rd2 Qxb2 29. Rxb2 Rc4 30. b5 a5 31. g3 a4 32. Nd2 Rc5 33. Nd4 a3 34. Ra2 Rc3 35. Kg2 Bc8 36. Nb1 Rd3 37. g4 Bd7 38. Kf3 Bc5 39. Ke2 Bxd4 40. Kxd3 Bc5 41. Nxa3 Bxa3 42. Rxa3 Bxb5+ 43. Kd4 g5 44. Kxd5 Bf1 45. e4 b5 46. Ke5 Kg7 47. Kf5 h6 48. Ke5 Be2 49. Kd5 Bc4+ 50. Kd4 Bf1 51. e5 Bc4 52. Ra7 Kg6 53. Ra6+ Kg7 54. Ra3 Bf1 55. Ke4 Be2 56. Ke3 Bc4 57. Kf3 Bd5+ 58. Kg3 b4 59. Ra5 Be6 60. Rb5 b3 61. h4 Bc4 62. Rb4 Bd5 63. h5 Kf8 64. f4 gxf4+ 65. Kxf4 Kg7 66. Rb5 Be6 67. Rb6 Bd5 68. Kf5 Be6+ 69. Kf4 Bd5 70. g5 hxg5+ 71. Kxg5 Be6 72. Rb4 Bd5 73. Rg4 Be6 74. Rd4 Bc8 75. Rb4 Be6 76. Rf4 Bd5 77. Rb4 Be6 78. Rb6 Bd5 79. h6+ Kh7 80. Rb4 Be6 81. Rb5 Bc4 82. Rb4 Bd5 83. Kh5 Bf3+ 84. Kg5 Bd5 85. Rh4 Be6 86. Rh2 Bd5 87. Kf6 Bc4 88. Kg5 Bd3 89. Rb2 Bc4 90. Rd2 Be6 91. Rd4 Kg8 92. Kf6 Kh7 93. Rb4 Kxh6 1-0

[Event "Wch Blitz (Women)"]
[Site "Samarkand"]
[Date "2023.12.29"]
[Round "7"]
[White "Koneru, Humpy"]
[Black "Rakshitta, Ravi"]
[Result "1/2-1/2"]
[WhiteElo "2554"]
[BlackElo "2245"]
[PlyCount "175"]
[EventDate "2023.12.29"]
[EventType "swiss (blitz)"]
[EventRounds "17"]
[EventCountry "UZB"]
[SourceTitle "CB01_2024"]
[SourceDate "2024.01.03"]
[SourceVersion "1"]
[SourceVersionDate "2024.01.03"]
[SourceQuality "1"]

1. d4 Nf6 2. c4 Nc6 3. Nf3 e6 4. a3 d6 5. Nc3 g6 6. g3 Bg7 7. Bg2 0-0 8. 0-0 e5 9. dxe5 dxe5 10. Bg5 Be6 11. Qc1 Bxc4 12. Nd2 Be6 13. Nde4 Qe7 14. Qe3 Nd4 15. Rad1 Nf5 16. Qc1 h6 17. Bxf6 Bxf6 18. Nxf6+ Qxf6 19. Bxb7 Rad8 20. Bg2 Bb3 21. Rxd8 Rxd8 22. Ne4 Qe7 23. Nc5 Nd4 24. Bf3 Bd5 25. Bg4 h5 26. e3 hxg4 27. exd4 exd4 28. Re1 Qf6 29. Qf4 Qxf4 30. gxf4 Bf3 31. Nd3 Rb8 32. b4 a5 33. Kf1 axb4 34. axb4 Ra8 35. Rc1 Ra3 36. Ne5 Rb3 37. Ke1 Rxb4 38. Rxc7 Rb1+ 39. Kd2 Rb2+ 40. Ke1 Rb1+ 41. Kd2 Rf1 42. Nxf3 Rxf2+ 43. Kd3 Rxf3+ 44. Ke4 Rf2 45. Rd7 Rxh2 46. Rxd4 f5+ 47. Ke5 Kg7 48. Rd7+ Kh6 49. Rd8 Ra2 50. Kf6 Ra6+ 51. Ke5 g3 52. Rd3 Ra5+ 53. Kf6 Ra6+ 54. Ke5 g2 55. Rg3 Ra5+ 56. Kf6 Ra6+ 57. Ke5 Ra2 58. Kf6 Kh7 59. Rh3+ Kg8 60. Rg3 Kh7 61. Rh3+ Kg8 62. Rg3 Kf8 63. Kxg6 Ra5 64. Rxg2 Rb5 65. Kf6 Rb6+ 66. Kxf5 Rb5+ 67. Kf6 Rb6+ 68. Kg5 Ra6 69. Rb2 Rc6 70. Rb7 Ra6 71. Kf5 Rc6 72. Ke5 Ra6 73. Rd7 Rb6 74. Rd6 Rxd6 75. Kxd6 Kf7 76. Ke5 Ke7 77. Kf5 Kf7 78. Kg5 Kg7 79. f5 Kf7 80. f6 Kf8 81. Kg6 Kg8 82. Kf5 Kf7 83. Ke5 Kf8 84. Kf4 Kf7 85. Kf5 Kf8 86. Kg6 Kg8 87. f7+ Kf8 88. Kf6 1/2-1/2

[Event "Wch Rapid (Women)"]
[Site "Samarkand"]
[Date "2023.12.27"]
[Round "5"]
[White "Charochkina, Daria"]
[Black "Koneru, Humpy"]
[Result "0-1"]
[WhiteElo "2301"]
[BlackElo "2554"]
[PlyCount "88"]
[EventDate "2023.12.26"]
[EventType "swiss (rapid)"]
[EventRounds "11"]
[EventCountry "UZB"]
[SourceTitle "CB01_2024"]
[SourceDate "2024.01.03"]
[SourceVersion "1"]
[SourceVersionDate "2024.01.03"]
[SourceQuality "1"]

1. d4 Nf6 2. c4 c5 3. d5 g6 4. Nc3 d6 5. g3 Bg7 6. Bg2 0-0 7. Nh3 Nbd7 8. f4 Nb6 9. Qd3 e6 10. 0-0 exd5 11. cxd5 c4 12. Qd2 Bxh3 13. Bxh3 Re8 14. Bg2 Nbd7 15. h3 b5 16. Kh2 b4 17. Nd1 Qb6 18. Nf2 Nc5 19. Qc2 Qb5 20. e4 b3 21. axb3 cxb3 22. Qd1 Nfxe4 23. Nxe4 Nxe4 24. f5 a5 25. fxg6 hxg6 26. h4 Rac8 27. h5 Rc2 28. hxg6 fxg6 29. Bf4 Nf6 30. Re1 Ree2 31. Rxe2 Rxe2 32. Qf1 Ng4+ 33. Kh3 Nf2+ 34. Kh2 Qe8 35. Kg1 Bd4 36. Bxd6 Ne4+ 37. Kh1 Nxd6 38. Rd1 Nf5 39. Kh2 Qe5 40. Rd3 Rf2 41. Qc1 Rxg2+ 42. Kxg2 Qe4+ 43. Kh3 Qxd3 44. Qc8+ Kh7 0-1

[Event "Wch Rapid (Women)"]
[Site "Samarkand"]
[Date "2023.12.26"]
[Round "2"]
[White "Koneru, Humpy"]
[Black "Munkhzul, Turmunkh"]
[Result "0-1"]
[WhiteElo "2554"]
[BlackElo "2258"]
[PlyCount "112"]
[EventDate "2023.12.26"]
[EventType "swiss (rapid)"]
[EventRounds "11"]
[EventCountry "UZB"]
[SourceTitle "CB01_2024"]
[SourceDate "2024.01.03"]
[SourceVersion "1"]
[SourceVersionDate "2024.01.03"]
[SourceQuality "1"]

1. d4 Nf6 2. c4 g6 3. g3 Bg7 4. Bg2 0-0 5. Nc3 d6 6. h3 Nc6 7. e3 e5 8. Nge2 Re8 9. d5 Na5 10. b3 Bd7 11. 0-0 c5 12. dxc6 Bxc6 13. e4 b6 14. Bg5 h6 15. Be3 Nb7 16. b4 Bd7 17. Qd2 Kh7 18. Rac1 Be6 19. Nd5 Rc8 20. Qd3 Qd7 21. Kh2 Bxd5 22. cxd5 Qa4 23. a3 Ng8 24. h4 Rb8 25. Rc7 Re7 26. Rfc1 Nc5 27. bxc5 Rxc7 28. c6 Ne7 29. Rb1 b5 30. Rb4 Qa5 31. Qb3 Rcc8 32. Nc3 a6 33. Ba7 Ra8 34. Be3 Rab8 35. Bh3 f5 36. h5 f4 37. gxf4 exf4 38. Bxf4 Rf8 39. Bg3 Qb6 40. Qc2 Bxc3 41. Qxc3 Rxf2+ 42. Bxf2 Qxf2+ 43. Bg2 gxh5 44. Rb2 Qh4+ 45. Qh3 Qf6 46. Rc2 Rg8 47. Qc3 Qf4+ 48. Kh1 Rg3 49. Qd2 Qg4 50. e5 h4 51. Qe2 Qg7 52. exd6 Nf5 53. Qf2 Ne3 54. Be4+ Kh8 55. c7 Rh3+ 56. Qh2 Qa1+ 0-1

[Event "Asian Games tt (Women)"]
[Site "Hangzhou"]
[Date "2023.10.01"]
[Round "3.1"]
[White "Aulia, Medina Warda"]
[Black "Koneru, Humpy"]
[Result "0-1"]
[WhiteElo "2373"]
[BlackElo "2550"]
[PlyCount "106"]
[EventDate "2023.09.29"]
[EventType "team-tourn"]
[EventRounds "9"]
[EventCountry "CHN"]
[SourceTitle "EXT 2024"]
[Source "ChessBase"]
[SourceDate "2023.10.10"]
[SourceVersion "1"]
[SourceVersionDate "2023.10.10"]
[SourceQuality "1"]
[WhiteTeam "Indonesia (W)"]
[BlackTeam "India (W)"]
[WhiteTeamCountry "INA"]
[BlackTeamCountry "IND"]

1. e4 e5 2. Nf3 Nc6 3. Bc4 Nf6 4. d3 h6 5. c3 d6 6. Nbd2 g6 7. a4 Bg7 8. 0-0 0-0 9. Re1 a5 10. h3 Re8 11. Qb3 Qe7 12. Nf1 Nd8 13. Ng3 Be6 14. d4 Bxc4 15. Qxc4 c6 16. dxe5 dxe5 17. Be3 Qc7 18. Rad1 Ne6 19. Rd2 Red8 20. Red1 Rxd2 21. Rxd2 Nd7 22. h4 h5 23. Ng5 Ndf8 24. Nf1 Nxg5 25. hxg5 Ne6 26. Qb3 Bf8 27. Nh2 Bc5 28. Bxc5 Nxc5 29. Qc4 Ne6 30. Nf3 Rd8 31. Rxd8+ Qxd8 32. Nxe5 Qxg5 33. Nd3 Qd2 34. e5 Qe2 35. b3 Kg7 36. Kh2 g5 37. g3 g4 38. Kg2 h4 39. gxh4 Qxd3 40. Qxg4+ Kf8 41. Qf3 Qxf3+ 42. Kxf3 Nc5 43. b4 Nxa4 44. bxa5 Nxc3 45. Ke3 Nd5+ 46. Kd4 Kg7 47. Kc5 Kg6 48. Kd6 Kh5 49. e6 fxe6 50. Kxe6 Kxh4 51. Kd6 Kg4 52. a6 bxa6 53. Kxc6 Nc7 0-1

[Event "Asian Games (Women)"]
[Site "Hangzhou"]
[Date "2023.09.26"]
[Round "6"]
[White "Aulia, Medina Warda"]
[Black "Koneru, Humpy"]
[Result "1/2-1/2"]
[WhiteElo "2373"]
[BlackElo "2550"]
[PlyCount "104"]
[EventDate "2023.09.24"]
[EventType "swiss (rapid)"]
[EventRounds "9"]
[EventCountry "CHN"]
[SourceTitle "EXT 2024"]
[Source "ChessBase"]
[SourceDate "2023.10.10"]
[SourceVersion "1"]
[SourceVersionDate "2023.10.10"]
[SourceQuality "1"]

1. e4 e5 2. Nf3 Nc6 3. Bb5 Nge7 4. c3 a6 5. Ba4 b5 6. Bc2 d6 7. 0-0 g6 8. Re1 Bg7 9. h3 0-0 10. a4 b4 11. d4 bxc3 12. bxc3 exd4 13. cxd4 Nb4 14. Bb3 c5 15. Bb2 Rb8 16. Na3 d5 17. exd5 Nexd5 18. Rc1 Nf4 19. Bc4 Nc6 20. Ba1 Nxd4 21. Nxd4 cxd4 22. Qf3 Qf6 23. Qg3 Bb7 24. Bf1 Rbd8 25. Nc2 Qf5 26. Nb4 d3 27. Bxg7 Kxg7 28. Rcd1 Ne2+ 29. Bxe2 dxe2 30. Rxd8 Rxd8 31. Qc3+ Kg8 32. Rxe2 Rd1+ 33. Re1 Rxe1+ 34. Qxe1 a5 35. Qe8+ Kg7 36. Nc6 Qd5 37. Qe5+ Qxe5 38. Nxe5 Bd5 39. Nd7 f6 40. f3 Kf7 41. Kf2 Ke7 42. Nb6 Kd6 43. Ke3 Kc5 44. Nd7+ Kb4 45. Nxf6 Bc6 46. Nxh7 Kc3 47. Nf6 Bxa4 48. Nd5+ Kc2 49. Nb6 Bc6 50. Kd4 Kd2 51. Nc4+ Ke2 52. Nxa5 Bxf3 1/2-1/2

[Event "Asian Games (Women)"]
[Site "Hangzhou"]
[Date "2023.09.25"]
[Round "4"]
[White "Koneru, Humpy"]
[Black "Hou, Yifan"]
[Result "0-1"]
[WhiteElo "2550"]
[BlackElo "2628"]
[PlyCount "112"]
[EventDate "2023.09.24"]
[EventType "swiss (rapid)"]
[EventRounds "9"]
[EventCountry "CHN"]
[SourceTitle "EXT 2024"]
[Source "ChessBase"]
[SourceDate "2023.10.10"]
[SourceVersion "1"]
[SourceVersionDate "2023.10.10"]
[SourceQuality "1"]

1. d4 Nf6 2. Nf3 d5 3. c4 e6 4. Nc3 h6 5. e3 Nbd7 6. a3 a6 7. b3 b6 8. Bd3 Bb7 9. 0-0 Bd6 10. Bb2 0-0 11. Qc2 dxc4 12. bxc4 Bxf3 13. gxf3 c5 14. Ne4 Nxe4 15. Bxe4 Rc8 16. f4 cxd4 17. Rfd1 Bc5 18. Bxd4 Bxd4 19. Rxd4 Qc7 20. Rad1 Nc5 21. Bf3 Rfd8 22. Qb2 Na4 23. Qb4 Rxd4 24. Rxd4 Nc5 25. Qb2 Rd8 26. Qd2 Rxd4 27. exd4 Nd7 28. Be2 Nb8 29. Qe3 Kf8 30. Qe4 g6 31. d5 exd5 32. cxd5 Nd7 33. Qb4+ Qc5 34. Bxa6 Qxb4 35. axb4 Ke7 36. f5 g5 37. Kg2 Nf6 38. Bc4 Kd6 39. f4 Nxd5 40. Kf3 f6 41. fxg5 hxg5 42. b5 Kc5 43. Bd3 Kd4 44. Be2 Ke5 45. Bd3 Kd4 46. Be2 Nc3 47. Bf1 Ne4 48. Kg4 Nd6 49. h3 Ke4 50. Bg2+ Ke5 51. h4 gxh4 52. Kxh4 Nxb5 53. Kg4 Nd6 54. Bf1 Nxf5 55. Kf3 Nd4+ 56. Ke3 b5 0-1

[Event "Armageddon Grand Final L"]
[Site "Berlin"]
[Date "2023.09.18"]
[Round "2.1"]
[White "Koneru, Humpy"]
[Black "So, Wesley"]
[Result "0-1"]
[WhiteElo "2550"]
[BlackElo "2753"]
[PlyCount "92"]
[EventDate "2023.09.16"]
[EventType "k.o. (blitz)"]
[EventRounds "4"]
[EventCountry "GER"]
[SourceTitle "EXT 2024"]
[Source "ChessBase"]
[SourceDate "2023.10.10"]
[SourceVersion "1"]
[SourceVersionDate "2023.10.10"]
[SourceQuality "1"]

1. d4 Nf6 2. c4 e6 3. Nf3 d5 4. Nc3 Be7 5. Bg5 h6 6. Bh4 dxc4 7. e3 c5 8. Bxc4 cxd4 9. Nxd4 Bd7 10. 0-0 0-0 11. Rc1 Nc6 12. Nf3 Rc8 13. Qe2 Nh5 14. Bxe7 Qxe7 15. Ne4 Nf6 16. Nxf6+ Qxf6 17. Rfd1 Rfd8 18. h3 Ne5 19. Nxe5 Qxe5 20. a3 Bc6 21. Ba2 Kf8 22. b4 Rxd1+ 23. Rxd1 Ba4 24. Re1 Qc3 25. Bb1 Qxa3 26. b5 Rc1 27. Kh2 Qd6+ 28. f4 Bxb5 29. Qf2 Rxe1 30. Qxe1 Bc6 31. Qc3 Qd5 32. e4 Qd6 33. Qe3 g5 34. g3 gxf4 35. gxf4 a5 36. Ba2 a4 37. e5 Qb4 38. Qf2 a3 39. Kg3 Kg7 40. f5 Qc3+ 41. Kf4 exf5 42. Kxf5 Qf3+ 43. Qxf3 Bxf3 44. e6 fxe6+ 45. Kxe6 Bh5 46. Ke7 b5 0-1

[Event "Armageddon Grand Final W"]
[Site "Berlin"]
[Date "2023.09.17"]
[Round "2.1"]
[White "Abdusattorov, Nodirbek"]
[Black "Koneru, Humpy"]
[Result "1-0"]
[WhiteElo "2716"]
[BlackElo "2550"]
[PlyCount "125"]
[EventDate "2023.09.14"]
[EventType "k.o. (blitz)"]
[EventRounds "5"]
[EventCountry "GER"]
[SourceTitle "EXT 2024"]
[Source "ChessBase"]
[SourceDate "2023.10.10"]
[SourceVersion "1"]
[SourceVersionDate "2023.10.10"]
[SourceQuality "1"]

1. d4 d5 2. Nc3 Nf6 3. Bf4 a6 4. e3 Bf5 5. Bd3 Bxd3 6. cxd3 e6 7. Qb3 b6 8. Qa4+ Nbd7 9. Qc6 Ra7 10. Nf3 Bb4 11. 0-0 0-0 12. Rac1 Qa8 13. Ne2 Qxc6 14. Rxc6 Rc8 15. Rfc1 Ne8 16. h4 Kf8 17. g4 Rb7 18. Bg3 Nb8 19. R6c2 f6 20. e4 Bd6 21. e5 Be7 22. exf6 gxf6 23. Nf4 Kf7 24. Re2 Ng7 25. Rce1 Bb4 26. Rc1 Bd6 27. g5 Nd7 28. gxf6 Bxf4 29. Bxf4 Kxf6 30. Rc6 a5 31. Ng5 Nf8 32. Be5+ Kg6 33. f4 h6 34. Rg2 Nf5 35. Nxe6+ Kf7 36. Nd8+ Rxd8 37. Rf6+ Ke8 38. Rxf5 c5 39. Rf6 cxd4 40. Rxh6 Rf7 41. Rh8 Ke7 42. h5 Rc8 43. h6 Rc1+ 44. Kh2 Rc6 45. Rg7 Ng6 46. Rhh7 Nxe5 47. fxe5 Rxh6+ 48. Rxh6 Rxg7 49. Rxb6 Rg5 50. e6 Re5 51. Kg3 Re3+ 52. Kf4 a4 53. Kf5 Rxd3 54. Ke5 Re3+ 55. Kxd5 d3 56. Rb7+ Ke8 57. Kd6 Kf8 58. Rf7+ Ke8 59. Rh7 Kf8 60. e7+ Kg8 61. Rh2 Kf7 62. Rf2+ Kg7 63. Kd7 1-0

[Event "Armageddon Grand Final W"]
[Site "Berlin"]
[Date "2023.09.15"]
[Round "1.2"]
[White "Assaubayeva, Bibissara"]
[Black "Koneru, Humpy"]
[Result "0-1"]
[WhiteElo "2469"]
[BlackElo "2550"]
[PlyCount "104"]
[EventDate "2023.09.14"]
[EventType "k.o. (blitz)"]
[EventRounds "5"]
[EventCountry "GER"]
[SourceTitle "EXT 2024"]
[Source "ChessBase"]
[SourceDate "2023.10.10"]
[SourceVersion "1"]
[SourceVersionDate "2023.10.10"]
[SourceQuality "1"]

1. c4 e5 2. Nc3 f5 3. d4 e4 4. a3 c6 5. d5 Bd6 6. g3 Be5 7. Nh3 Nf6 8. Bg2 Bxc3+ 9. bxc3 Qa5 10. 0-0 Qxc3 11. Bg5 0-0 12. Rc1 Qxa3 13. Bf4 cxd5 14. cxd5 Na6 15. f3 d6 16. Ng5 h6 17. Ne6 Bxe6 18. dxe6 d5 19. Bh3 exf3 20. Rxf3 Qe7 21. Bxf5 Nh5 22. Qxd5 Rad8 23. Qe4 Nc5 24. Qe5 Nxf4 25. Rxf4 b6 26. Rcf1 Rf6 27. Bh3 Rdf8 28. Qd5 Kh8 29. e4 Rd8 30. Qc4 Rxf4 31. Rxf4 Rd1+ 32. Kg2 Qd6 33. Rf2 Qe5 34. Qc2 Rd8 35. Bf5 Nxe6 36. Rd2 Rf8 37. Qc4 Nc5 38. Rd5 Qb2+ 39. Kh3 Qf6 40. Kg2 g6 41. Bg4 h5 42. Be2 Qf2+ 43. Kh3 Qf6 44. Kg2 Rf7 45. e5 Qf2+ 46. Kh3 Qf5+ 47. Kg2 Ne4 48. Rd8+ Kg7 49. e6 Qf2+ 50. Kh3 Ng5+ 51. Kh4 Qxh2+ 52. Kxg5 Rf5# 0-1

[Event "Armageddon Grand Final W"]
[Site "Berlin"]
[Date "2023.09.15"]
[Round "1.3"]
[White "Assaubayeva, Bibissara"]
[Black "Koneru, Humpy"]
[Result "0-1"]
[WhiteElo "2469"]
[BlackElo "2550"]
[PlyCount "126"]
[EventDate "2023.09.14"]
[EventType "k.o. (blitz)"]
[EventRounds "5"]
[EventCountry "GER"]
[SourceTitle "EXT 2024"]
[Source "ChessBase"]
[SourceDate "2023.10.10"]
[SourceVersion "1"]
[SourceVersionDate "2023.10.10"]
[SourceQuality "1"]

1. c4 e6 2. g3 d5 3. Bg2 dxc4 4. Nf3 Nf6 5. Qa4+ Nbd7 6. Qxc4 a6 7. a4 c5 8. Qb3 Bd6 9. 0-0 Rb8 10. a5 0-0 11. d3 b5 12. axb6 Nxb6 13. Qd1 c4 14. d4 Nbd5 15. Nc3 Bb7 16. Bd2 Nxc3 17. Bxc3 Ne4 18. Ba5 Qe7 19. Qc2 Rfc8 20. Ra4 Bd5 21. Rfa1 Qb7 22. Bc3 Rc6 23. R4a2 h6 24. Ne1 Rb6 25. Bxe4 Bxe4 26. Qc1 Bb4 27. f3 Bc6 28. Kf2 a5 29. Nc2 f5 30. Ne3 Bd5 31. Bxb4 Rxb4 32. Nd1 Qb6 33. Qd2 Ra8 34. Nc3 Kh7 35. Na4 Qc6 36. Nc3 Rab8 37. Qe3 Rxb2 38. Rxa5 R2b3 39. Ra7 R8b7 40. R7a6 R7b6 41. Ra7 Rb7 42. R7a6 R7b6 43. R6a5 Rb7 44. Rc5 Qd6 45. Rc1 Rf7 46. Qd2 f4 47. g4 Rfb7 48. Na4 R7b4 49. Ra5 Qd8 50. Ra6 Qc8 51. Nc5 Rb2 52. Qd1 Rb5 53. Rca1 c3 54. Qc1 Bc4 55. Kg1 Rxe2 56. Qxf4 c2 57. Rc1 Rb1 58. Ra1 Rxa1 59. Rxa1 Qc6 60. Rc1 Qd5 61. Kf1 Re4+ 62. Kf2 Rxf4 63. Ke3 Qxd4# 0-1